| 000 | 00972nam a2200265 i 4500 | ||
|---|---|---|---|
| 001 | 189254 | ||
| 003 | SpMaBN | ||
| 005 | 20250829034733.0 | ||
| 008 | 190430s1990 sp |||| | spa d | ||
| 020 | _a84-7175-304-9 | ||
| 080 | _a821.111(73)-32"18" | ||
| 100 | 1 |
_aLondon, Jack, _d1876-1916 _973218 |
|
| 245 | 1 | 0 |
_aCara de luna y otros relatos / _cJack London ; [traducción, Jacinto León Ignacio]. |
| 260 |
_aBarcelona : _bEdiciones 29, _c[1990] |
||
| 300 |
_a113 p. ; _c19 cm. |
||
| 490 | 1 | _aGrandes autores | |
| 490 | 1 | _aLibros río nuevo | |
| 505 | 8 |
_aContiene también: ; _tMauki ; _tEl pagano ; _tSemper Idem ; _tAsí lo crearon ; _tEl Chinago ; _tLa plancha |
|
| 700 | 1 |
_aLeón-Ignacio, _d1919-1991 _971625 |
|
| 830 | 0 | 0 |
_aGrandes autores (Ediciones 29) _9193271 |
| 830 | 0 | 0 |
_aLibros río nuevo _9193272 |
| 852 |
_aES-MaACL _jA-14544 _9 196392 _bR.152124 _cDEPO1 _dOlim: N-7544 _hDonacion: Editorial |
||
| 942 | _2udc | ||
| 999 |
_c189254 _d189254 |
||